书目信息 |
| 题名: |
拖拉机设计标准手册
|
|
| 作者: | ;拖拉机研究所 编 | |
| 分册: | ||
| 出版信息: | 北京 中国工业出版社 1971 |
|
| 页数: | 714页 | |
| 开本: | 22cm | |
| 丛书名: | ||
| 单 册: | ||
| 中图分类: | S219-62 | |
| 科图分类: | ||
| 主题词: | 拖拉机--设计计算 | |
| 电子资源: | ||
| ISBN: | ||
| 000 | 00610nam0 2200205 45 | |
| 001 | 0180004371 | |
| 005 | 20060427150604.73 | |
| 010 | @dCNY2.60@b精装 | |
| 100 | @a19960215d1971 em y0chiy0121 ea | |
| 101 | 0 | @achi |
| 102 | @aCN@b110000 | |
| 105 | @ay z 000yy | |
| 200 | 10 | @a拖拉机设计标准手册@Atuo la ji she ji biao zhun shou ce@f拖拉机研究所编@Ftuo la ji yan jiu suo bian |
| 210 | @a北京@c中国工业出版社@d1971 | |
| 215 | @a714页@d22cm | |
| 606 | @a拖拉机@x设计计算 | |
| 690 | @aS219-62@v3 | |
| 711 | 0 | @a拖拉机研究所@Atuo la ji yan jiu suo@4编 |
| 801 | 0 | @aCN@bTSSF@c20060427 |
| 905 | @a10447@dS219-62@e3 | |
| 拖拉机设计标准手册/拖拉机研究所编.-北京:中国工业出版社,1971 |
| 714页;22cm |
| ISBN (精装):CNY2.60 |
| ● |
| 相关链接 |
|
|
|
|
正题名:拖拉机设计标准手册
索取号:S219-62/3
 
预约/预借
| 序号 | 登录号 | 条形码 | 馆藏地/架位号 | 状态 | 备注 |
| 1 | 0017598 | 000717932 | 密集书库/ [索取号:S219-62/3] | 在馆 |